[Event "TCh-ESP CECLUB 2a Gp1 2012"]
[Site "Padron ESP"]
[Date "2012.08.11"]
[Round "5.3"]
[White "Lopez Gracia,F"]
[Black "Alvarez Ibarra,R"]
[Result "1-0"]
[WhiteElo "2374"]
[BlackElo "2369"]

1.Nf3 c5 2.c4 Nf6 3.g3 b6 4.Bg2 Bb7 5.O-O g6 6.b3 Bg7 7.Bb2 O-O 8.Nc3 Na6
9.d4 d5 10.Ne5 e6 11.e3 Qe7 12.cxd5 exd5 13.Rc1 Nc7 14.Re1 Rac8 15.Na4 Ne6
16.dxc5 bxc5 17.Ba3 Rc7 18.Re2 Ne4 19.Nd3 Rfc8 20.Rec2 d4 21.Ndxc5 d3 22.Qxd3 N4xc5
23.Nxc5 Nxc5 24.Bxc5 Rxc5 25.Rxc5 Rxc5 26.Rxc5 Qxc5 27.Bxb7 Bf6 28.Bd5 Kg7
29.Bc4 Qe5 30.Qd7 Qe7 31.Qd5 Bc3 32.Kg2 h5 33.h4 Kf8 34.Qc6 Be5 35.a4 Qc7
36.Qd5 Bc3 37.e4 a5 38.f4 Kg7 39.e5 Bb4 40.e6 fxe6 41.Qxe6 Qe7 42.Qg8+ Kh6
43.Bd3 Qf6 44.Qd5 Qd6 45.Qe4 Qf6 46.Qe8 Bc3 47.f5 gxf5 48.Be2 Qe5 49.Qxh5+ Kg7
50.Qg5+ Kf8 51.Bc4 Qe4+ 52.Kh2 Qc2+ 53.Kh3 Qe4 54.Qd8+ Kg7 55.Qg8+ Kh6 56.Bd5 Qe5
57.h5 Qg7 58.Qe6+ Kg5 59.Bf3 Bb4 60.Qe3+ Kf6 61.Qd4+ Kf7 62.Qd7+ Kf6 63.Qd4+ Kf7
64.Bd5+ Kf8 65.Qf4 Qg4+ 66.Qxg4 fxg4+ 67.Kxg4 Kg7 68.Kf5 Kh6 69.g4 Bd2 70.Bc4 Bb4
71.Be2 Bd2 72.Bd1 Be3 73.b4 axb4 74.a5  1-0

[Event "Prva liga RS seniori 2012"]
[Site "Banja Vrucica SRB"]
[Date "2012.08.16"]
[Round "6"]
[White "Lajthajm,B"]
[Black "Milanovic,Da"]
[Result "1/2-1/2"]
[WhiteElo "2482"]
[BlackElo "2507"]

1.c4 c5 2.Nf3 b6 3.g3 Bb7 4.Bg2 Nf6 5.O-O g6 6.Nc3 Bg7 7.d3 O-O 8.Bg5 d6
9.a3 Nbd7 10.Qd2 Re8 11.Rab1 Rb8 12.Ne1 Nf8 13.Nc2 Ne6 14.Bxf6 Bxf6 15.Bxb7 Rxb7
16.e4 Bg7 17.f4 Nd4 18.Nxd4 Bxd4+ 19.Kh1 e6 20.Rbe1 Rd7 21.Qg2 a6 22.Re2 Bxc3
23.bxc3 b5 24.cxb5 axb5 25.Rb2 Qa5 26.Qc2 d5 27.e5 d4 28.cxd4 Rxd4 29.Qxc5 Rxd3
30.Qxb5 Qa8+ 31.Qb7 Qxa3 32.Kg2 Red8 33.Rff2 R3d7 34.Qb3 Qa8+ 35.Qf3 Qa7
36.Ra2 Qd4 37.Ra8 Kg7 38.Rxd8 Rxd8 39.Rc2 Rd5 40.Kh3 Qa1 41.Qe2 Qb1 42.Rd2 Qf5+
43.Kg2 Rxd2 44.Qxd2 Qe4+ 45.Kf2 Qh1 46.Ke3 Qg1+  1/2-1/2

[Event "2nd Metropolitan International"]
[Site "Los Angeles USA"]
[Date "2012.08.17"]
[Round "7"]
[White "Ishhanov,T"]
[Black "Amanov,Z"]
[Result "0-1"]
[WhiteElo "2324"]
[BlackElo "2380"]

1.Nf3 Nf6 2.c4 b6 3.g3 c5 4.Bg2 Bb7 5.O-O g6 6.Nc3 Bg7 7.d3 O-O 8.a3 d5 9.Ne5 e6
10.Bg5 Nbd7 11.Ng4 Qb8 12.Nxf6+ Nxf6 13.e4 d4 14.Ne2 Nd7 15.h4 e5 16.Bd2 f5
17.f4 fxe4 18.dxe4 Nf6 19.Qc2 Qd6 20.Qd3 Rae8 21.Nc3 Nh5 22.f5 gxf5 23.Rxf5 Rxf5
24.exf5 Bxg2 25.Kxg2 Qf8 26.Ne4 Qxf5 27.Rf1 Qg6 28.Kh3 Nxg3 29.Qxg3 Qxe4
30.Rg1 Qg6 31.Qxg6 hxg6 32.Rxg6 e4 33.h5 e3 34.Be1 Kh7 35.Rd6 Rf8 36.Kg2 Rf5  0-1

[Event "EY Boys U16 2012"]
[Site "Prague CZE"]
[Date "2012.08.18"]
[Round "2.2"]
[White "Santos Latasa,J"]
[Black "Radovanovic,Nik"]
[Result "1-0"]
[WhiteElo "2403"]
[BlackElo "2184"]

1.Nf3 Nf6 2.c4 c5 3.g3 b6 4.Bg2 Bb7 5.O-O g6 6.b3 Bg7 7.Bb2 O-O 8.Nc3 d6
9.e3 Nbd7 10.Qe2 Ne4 11.d4 Nxc3 12.Bxc3 Qc7 13.Rac1 Rfe8 14.Rfd1 Rad8 15.Qb2 Qb8
16.h4 Nf8 17.h5 Qa8 18.d5 e5 19.e4 Bc8 20.Nh4 g5 21.Nf5 Bxf5 22.exf5 h6 23.a3 Bf6
24.b4 Nd7 25.Be4 Rb8 26.Bc2 Qb7 27.Ba4 Qc7 28.Bc6 Kh7 29.Rb1 g4 30.bxc5 bxc5
31.Qe2 Rg8 32.Qe4 Kh8 33.a4 Be7 34.Rxb8 Rxb8 35.Bxd7 Qxd7 36.Bxe5+ f6 37.Bf4 Qxa4
38.Re1 Bf8 39.Qe6 Bg7 40.Bxd6 Rg8 41.Be7 Qxc4 42.d6 Qd4 43.d7 a5 44.Qxg8+  1-0

[Event "37th Trade Fair Open A"]
[Site "Brno CZE"]
[Date "2012.08.29"]
[Round "5"]
[White "Gajdos,D"]
[Black "Zemanek,J"]
[Result "1/2-1/2"]
[WhiteElo "1784"]
[BlackElo "1858"]

1.c4 c5 2.Nf3 Nf6 3.g3 b6 4.Bg2 Bb7 5.O-O g6 6.b3 Bg7 7.Bb2 O-O 8.d4 cxd4
9.Bxd4 d6 10.Nbd2 Na6 11.Qc2 Rb8 12.Qb2 Nc5 13.b4 Nce4 14.Nxe4 Bxe4  1/2-1/2

[Event "9th LGA Premium Cup"]
[Site "Nuernberg GER"]
[Date "2012.09.06"]
[Round "1.2"]
[White "Dehlinger,Alexander"]
[Black "Romanov,E"]
[Result "0-1"]
[WhiteElo "2177"]
[BlackElo "2590"]

1.Nf3 Nf6 2.c4 b6 3.g3 c5 4.Bg2 Bb7 5.O-O g6 6.b3 Bg7 7.Bb2 O-O 8.Nc3 e6
9.d4 cxd4 10.Nxd4 Bxg2 11.Kxg2 d5 12.cxd5 Nxd5 13.e3 Na6 14.Ne4 Nc5 15.Qf3 e5
16.Nxc5 exd4 17.Nd3 dxe3 18.Bxg7 Kxg7 19.fxe3 Nc3 20.Nf2 Qd2 21.Kh1 Rae8
22.Rae1 f5 23.a4 Rf7 24.g4 Ree7 25.gxf5 Rxf5 26.Qg2 Ref7 27.Ng4 Ne4 28.Kg1 Qxg2+
29.Kxg2 h5 30.Rxf5 Rxf5  0-1

[Event "TCh-CHN 2012"]
[Site "Hangzhou CHN"]
[Date "2012.09.22"]
[Round "11"]
[White "Zhou Jianchao"]
[Black "Sasikiran,K"]
[Result "1-0"]
[WhiteElo "2625"]
[BlackElo "2703"]

1.Nf3 Nf6 2.c4 b6 3.g3 c5 4.Bg2 Bb7 5.O-O g6 6.Nc3 Bg7 7.d4 cxd4 8.Qxd4 d6
9.Rd1 Nbd7 10.Be3 Rc8 11.Rac1 O-O 12.Qh4 a6 13.b3 Rc7 14.Bh3 Qb8 15.g4 e6
16.g5 Ne8 17.Nd4 Ba8 18.Ne4 b5 19.cxb5 axb5 20.Rxc7 Qxc7 21.Rc1 Qb7 22.f3 d5
23.Nf2 Nd6 24.Ng4 Re8 25.Nh6+ Kf8 26.Bd2 Qb6 27.e3 Ne5 28.Bb4 Ke7 29.Qf4 Rd8
30.Bf1 Ke8 31.Ng8 Nec4 32.Nf6+ Ke7 33.bxc4 bxc4 34.a3 h6 35.h4 hxg5 36.hxg5 Bf8
37.Bh3 Rb8 38.Nb5  1-0

[Event "3rd Konig Memorial"]
[Site "San Francisco USA"]
[Date "2012.09.23"]
[Round "5"]
[White "Kraai,J"]
[Black "Browne,W"]
[Result "1-0"]
[WhiteElo "2514"]
[BlackElo "2449"]

1.Nf3 Nf6 2.c4 b6 3.g3 c5 4.Bg2 Bb7 5.O-O g6 6.Nc3 Bg7 7.d4 cxd4 8.Qxd4 d6
9.Rd1 Nbd7 10.Be3 Rc8 11.Rac1 O-O 12.Qh4 a6 13.b3 Rc7 14.g4 b5 15.g5 Nh5
16.Nd5 Rc8 17.Nd4 bxc4 18.Nxe7+ Qxe7 19.Bxb7 Rc7 20.Bxa6 c3 21.Nb5 Rc5 22.b4 Re5
23.Nxc3 Rxe3 24.Nd5 Qe4 25.Qxe4 Rxe4 26.f3 Rd4 27.Rxd4 Bxd4+ 28.e3 Ra8 29.Bb7 Rb8
30.Rc7 Ne5 31.exd4 Nxf3+ 32.Kf2 Nxg5 33.Rc8+ Rxc8 34.Bxc8 Kf8 35.a4 Ke8 36.a5 Kd8
37.Bb7 Ne6 38.a6  1-0

[Event "30th Balaton Open"]
[Site "Heviz HUN"]
[Date "2012.09.24"]
[Round "2.2"]
[White "Horvath,Ta3"]
[Black "Ruck,T"]
[Result "1/2-1/2"]
[WhiteElo "2182"]
[BlackElo "2296"]

1.Nf3 c5 2.c4 Nf6 3.g3 b6 4.Bg2 Bb7 5.O-O g6 6.Nc3 Bg7 7.d4 cxd4 8.Qxd4 d6
9.Rd1 Nbd7 10.b3 O-O 11.Bb2 a6 12.Qd2 Rb8  1/2-1/2

[Event "34th Rashid Nezhmetdinov Cup"]
[Site "Kazan RUS"]
[Date "2012.09.29"]
[Round "4.6"]
[White "Lintchevski,D"]
[Black "Makhmutov,R"]
[Result "1-0"]
[WhiteElo "2554"]
[BlackElo "2399"]

1.Nf3 Nf6 2.c4 b6 3.g3 c5 4.Bg2 Bb7 5.O-O g6 6.Nc3 Bg7 7.d4 cxd4 8.Qxd4 d6
9.Rd1 Nbd7 10.Be3 Rc8 11.Rac1 O-O 12.Qh4 a6 13.b3 Re8 14.h3 Rc7 15.g4 Qa8
16.g5 Nh5 17.Nd5 Bxd5 18.Rxd5 b5 19.Rdd1 Qb8 20.cxb5 axb5 21.Rxc7 Qxc7 22.Rc1 Qa5
23.a4 bxa4 24.Qxa4 Qd8 25.b4 d5 26.Qc6 e6 27.b5 Ne5 28.Nxe5 Bxe5 29.Bb6 Qe7
30.Bc5 Qd8 31.e3 Ng7 32.b6 Bb8 33.f4 Nf5 34.b7 Nd6 35.Bf1 Re7 36.Bxd6 Bxd6
37.Qxd6 Qxd6 38.Rc8+ Kg7 39.b8=Q Qxb8 40.Rxb8 h6 41.h4 e5 42.Rb6 exf4 43.exf4 hxg5
44.hxg5 Re4 45.Rf6 Ra4 46.Bb5 Ra5 47.Be8 Ra7 48.Kf2 Re7 49.Bc6 d4 50.Rd6 d3
51.Rxd3 Re6 52.Bf3 f6 53.Rd7+ Kh8 54.Kg3 fxg5 55.fxg5 Rb6 56.Be4 Ra6 57.Kf4 Rb6
58.Rc7  1-0

[Event "7th Americas Continental 2012"]
[Site "Mar del Plata ARG"]
[Date "2012.10.15"]
[Round "5.3"]
[White "Iturrizaga,E"]
[Black "Real de Azua,E"]
[Result "1-0"]
[WhiteElo "2639"]
[BlackElo "2482"]

1.Nf3 Nf6 2.c4 b6 3.g3 Bb7 4.Bg2 c5 5.O-O g6 6.d4 cxd4 7.Qxd4 Bg7 8.Nc3 d6
9.Be3 Nbd7 10.Rac1 Rc8 11.b3 O-O 12.Qd2 Ne4 13.Nxe4 Bxe4 14.Rfd1 Rc7 15.Bh3 Qb8
16.Nd4 a6 17.Nc2 Bb2 18.Rb1 Bxc2 19.Qxc2 Bg7 20.a4 Ne5 21.f4 Nc6 22.b4 Rd8
23.Qd2 e5 24.Bg2 Nd4 25.Bd5 Qc8 26.Rf1 Kh8 27.a5 bxa5 28.bxa5 Qg4 29.Kg2 Re7
30.fxe5 Bxe5 31.Bg5 Bxg3 32.Bxe7 Bf4+ 33.Kh1 Bxd2 34.Rxf7 Bg5 35.Bxd8 Nxe2
36.Bf6+  1-0

[Event "TCh-AUT 2 Mitte 2012-13"]
[Site "Bad Schallerbach AUT"]
[Date "2012.10.19"]
[Round "1.2"]
[White "Taggatz,M"]
[Black "Wertjanz,Dav"]
[Result "1/2-1/2"]
[WhiteElo "2303"]
[BlackElo "2259"]

1.Nf3 Nf6 2.c4 b6 3.g3 c5 4.Bg2 Bb7 5.O-O g6 6.Nc3 Bg7 7.Re1 d5 8.d4 dxc4
9.dxc5 Qxd1 10.Rxd1 Nbd7 11.cxb6 axb6 12.Bf4 O-O 13.Ne5 Bxg2 14.Kxg2 Nxe5
15.Bxe5 Rac8 16.Rd4 Rc5 17.f4 Ng4 18.Bxg7 Kxg7 19.Rc1 b5 20.h3 Ne3+ 21.Kf3 Nf5
22.Rd7 b4 23.Ne4 Rc6 24.g4 Nd6 25.Nxd6 exd6 26.Rb7 Ra8 27.Rxb4 Rxa2 28.Ke4 c3
29.Rxc3 Rxb2 30.Rxb2 Rxc3 31.e3 Kf6 32.g5+ Ke6 33.Rb8 d5+ 34.Kd4 Rc4+ 35.Kd3 Ra4
36.Re8+ Kd6 37.Rd8+ Ke6 38.Re8+ Kd6 39.Rh8 Ra3+ 40.Kd4 Ra4+ 41.Kd3 Ra3+ 42.Ke2 Ra2+
43.Kf3 Ra3 44.h4 Ke7 45.Rxh7 d4 46.h5 Rxe3+ 47.Kf2 Ke6 48.h6 Rh3 49.Ke2 Rh4
50.Kf3 Rh3+ 51.Ke2 Rh4 52.Kf3 Rh3+ 53.Ke2  1/2-1/2

[Event "Bundesliga 2012-13"]
[Site "Muelheim GER"]
[Date "2012.10.20"]
[Round "1"]
[White "Buhmann,R"]
[Black "Kryvoruchko,Y"]
[Result "1/2-1/2"]
[WhiteElo "2584"]
[BlackElo "2679"]

1.Nf3 Nf6 2.c4 b6 3.g3 c5 4.Bg2 Bb7 5.O-O g6 6.b3 Bg7 7.Bb2 O-O 8.Nc3 d6
9.e3 Nbd7 10.d4 Ne4 11.Rc1 Nxc3 12.Bxc3 cxd4 13.Bxd4 Nf6 14.Qe2 Rc8 15.Rfd1 Qc7
16.Bb2 Rfd8 17.h3 a6 18.Nd2 Bxg2 19.Kxg2 Qb8 20.Bxf6 Bxf6 21.Ne4 Bg7 22.Qf3 h6
23.h4 b5 24.h5 g5 25.Nc3 e6 26.Ne4 f5 27.Nd2 bxc4 28.bxc4 g4 29.Qe2 Qb7+
30.Kg1 Qf7 31.c5 Rxc5 32.Qxa6 Qxh5 33.Rxc5 dxc5 34.Qe2 Qe8 35.Nc4 Rb8 36.Qc2 Rb4
37.a3 Qa4 38.Qxa4 Rxa4 39.Rc1 Bf8 40.Kf1 Be7 41.Ke2 h5 42.Kd3 h4 43.gxh4 Bxh4
44.Rc2 Kg7 45.Ra2 Kf6 46.Nb6 Ra5 47.a4 e5 48.Nc4 Ra6 49.a5 Ke6 50.e4 Bd8
51.Ra1 Kf6 52.Rh1 Kg5 53.Rh8 fxe4+  1/2-1/2

[Event "16th OIBM 2012"]
[Site "Bad Wiessee GER"]
[Date "2012.10.31"]
[Round "5.11"]
[White "Weber,U"]
[Black "Andersson,U"]
[Result "1/2-1/2"]
[WhiteElo "2420"]
[BlackElo "2556"]

1.Nf3 Nf6 2.g3 b6 3.Bg2 Bb7 4.O-O g6 5.c4 c5 6.Nc3 Bg7 7.d4 cxd4 8.Qxd4 d6
9.Rd1 Nbd7 10.Be3 O-O 11.Qh4 a6 12.Rac1 Rc8 13.b3 Rc7 14.Bh3 h5 15.Ng5 Ba8
16.g4 b5 17.gxh5 Nxh5 18.Nd5 Bxd5  1/2-1/2

[Event "TCh-NED Meesterklasse 2012-13"]
[Site "Netherland NED"]
[Date "2012.11.03"]
[Round "3.7"]
[White "Verhoeven,T"]
[Black "Van der Poel,H"]
[Result "1/2-1/2"]
[WhiteElo "2187"]
[BlackElo "2309"]

1.Nf3 Nf6 2.c4 b6 3.g3 c5 4.Bg2 Bb7 5.O-O g6 6.Nc3 Bg7 7.d4 cxd4 8.Qxd4 O-O
9.Qh4 d6 10.Bh6 Nbd7 11.Rfd1 Rc8 12.b3 a6 13.Rac1 Rc5 14.Bxg7 Kxg7 15.a4 Qa8
16.Qd4 Kg8 17.Ne1 Bxg2 18.Nxg2 Rfc8 19.Ne3 Ne5 20.Ned5 Nxd5 21.Nxd5 Qb7 22.Qh4 f6
23.Qe4 R8c7 24.Qg2 Rd7 25.Qh3 f5 26.Rd4 b5 27.axb5 axb5 28.Qh6 Nf7 29.Qd2 bxc4
30.bxc4 Ne5 31.Qh6 Nf7  1/2-1/2

[Event "Chigorin Memorial"]
[Site "St Petersburg RUS"]
[Date "2012.11.03"]
[Round "8.35"]
[White "Annageldyev,O"]
[Black "Brodsky,M"]
[Result "0-1"]
[WhiteElo "2394"]
[BlackElo "2563"]

1.Nf3 Nf6 2.c4 b6 3.g3 c5 4.Bg2 Bb7 5.O-O g6 6.Nc3 Bg7 7.d4 cxd4 8.Qxd4 d6
9.Qh4 h6 10.Ne1 Nc6 11.f4 Qd7 12.Bd2 Nd4 13.Qh3 Qxh3 14.Bxh3 Ne4 15.Nxe4 Bxe4
16.Kf2 Nc6 17.Nd3 Bxd3 18.exd3 Bxb2 19.Rae1 Bf6 20.Re4 Rd8 21.Bg2 Kd7 22.h4 h5
23.Rb1 e6 24.Ree1 Rb8 25.Rb3 Bd4+ 26.Kf1 Rhc8 27.Bf3 Ne7 28.Kg2 d5 29.Rc1 dxc4
30.dxc4 Nf5 31.Ra3 Rc7 32.Be4 Ke8 33.Rd3 Rd8 34.Kh3 Bf6 35.Rxd8+ Kxd8 36.Be1 Kc8
37.a4 Nd6 38.Bd3 Nb7 39.g4 Nc5 40.Bc2 hxg4+ 41.Kxg4 Nd7 42.Bd3 Be7 43.a5 b5
44.Be2 Rc6 45.Bd2 bxc4 46.Rxc4 Kc7 47.Rxc6+ Kxc6 48.Bf3+ Kc7 49.Kg3 f5 50.Bc3 Bf6
51.Bd2 Bd4 52.Be2 Nf6 53.Kf3 Ne4 54.Be3 Bxe3 55.Kxe3 Nf6 56.Bc4 Kd6 57.Kf3 Nd5
58.Bb5 Nc7 59.Be2 Kc5 60.a6 Kd4 61.Bf1 Kc3 62.Be2 Kb4 63.Kg3 Nb5 64.h5 gxh5
65.Bxh5 Ka5 66.Be2 Kxa6 67.Bc4 Kb6 68.Bxe6 Nd4 69.Bg8 Kc5 70.Kf2 Kb4 71.Ke3 Kc3
72.Bf7 a5 73.Be8 Nb3 74.Bd7 Nc5 75.Bxf5 a4 76.Bb1 Kb2 77.Kd4 Kxb1 78.Kxc5 a3  0-1

[Event "15th Mukachevo Rating 2012"]
[Site "Mukachevo UKR"]
[Date "2012.11.09"]
[Round "3.5"]
[White "Bakunc,R"]
[Black "Nesterov,Y"]
[Result "0-1"]
[WhiteElo "2276"]
[BlackElo "2448"]

1.Nf3 Nf6 2.c4 c5 3.g3 b6 4.Bg2 Bb7 5.O-O g6 6.Nc3 Bg7 7.Re1 d6 8.d4 Ne4
9.Nxe4 Bxe4 10.d5 b5 11.cxb5 Qb6 12.a4 Qb7 13.Nh4 Bxg2 14.Nxg2 a6 15.b6 Qxb6
16.Ra3 Nd7 17.Rb3 Qc7 18.Bg5 Rb8 19.Rxb8+ Qxb8 20.Qd3 Qb7 21.Ne3 Ne5 22.Qc2 O-O
23.Bf4 Rb8 24.Rb1 Nd7 25.Qd3 Bd4  0-1

[Event "Siberian Bank Cup"]
[Site "Novosibirsk RUS"]
[Date "2012.11.17"]
[Round "4"]
[White "Maletin,P"]
[Black "Andreikin,D"]
[Result "0-1"]
[WhiteElo "2567"]
[BlackElo "2723"]

1.c4 Nf6 2.Nf3 b6 3.g3 c5 4.Bg2 Bb7 5.O-O g6 6.Nc3 Bg7 7.d4 cxd4 8.Qxd4 Nc6
9.Qf4 O-O 10.Rd1 Rc8 11.b3 d6 12.Bb2 Qd7 13.Rac1 Rfd8 14.Qh4 Qg4 15.Qxg4 Nxg4
16.h3 Nge5 17.Nxe5 Bxe5 18.Na4 Bxb2 19.Nxb2 Na5 20.Na4 Kf8 21.Nc3 Bxg2 22.Kxg2 Nb7
23.g4 e6 24.Rd3 Ke7 25.Rcd1 a6 26.Re3 Kf8 27.Red3 Rc6 28.Ne4 Ke7 29.Rd4 Nc5
30.Nc3 Rb8 31.Ne4 e5 32.Nxc5 bxc5 33.R4d3 a5 34.g5 a4 35.Kf3 h6 36.gxh6 Rh8
37.bxa4 Rxh6 38.Kg3 Rh8 39.Rb1 Ra8 40.Rb7+ Ke6 41.Rf3 f5 42.Rfb3 Rxa4 43.Rg7 Rxc4
44.Rxg6+ Kd5 45.e3 f4+ 46.Kf3 fxe3 47.fxe3 e4+ 48.Kf4 Rc2 49.Rg5+ Kc4 50.Kxe4 Rxa2
51.Rb1 Rc8 52.Rc1+ Kb3 53.Rg7 Rd2 54.Rb7+ Ka2 55.Rcb1 c4 56.R1b6 Ra8 57.Rc6 Ra3
58.h4 Rh2 59.Kd5 Rxh4 60.Rbc7 Rd3+ 61.Ke6 Kb3 62.Kf5 d5 63.Rb6+ Kc2 64.Re6  0-1

[Event "CCSCSL IM Inv"]
[Site "Saint Louis USA"]
[Date "2012.11.28"]
[Round "6.1"]
[White "Bartell,T"]
[Black "Kavutskiy,K"]
[Result "1/2-1/2"]
[WhiteElo "2418"]
[BlackElo "2301"]

1.Nf3 Nf6 2.c4 b6 3.g3 c5 4.Bg2 Bb7 5.O-O g6 6.Nc3 Bg7 7.d4 cxd4 8.Nxd4 Bxg2
9.Kxg2 Qc8 10.b3 Qb7+ 11.f3 d5 12.Nxd5 Nxd5 13.cxd5 Qxd5 14.Bb2 O-O 15.Qd3 Rd8
16.Rfd1 e5 17.Nb5 Qxd3 18.Rxd3 Rxd3 19.exd3 Nc6 20.a3 Rd8 21.Rd1 Rd7 22.b4 h5  1/2-1/2

[Event "17th Bora Kostic Mem"]
[Site "Vrsac SRB"]
[Date "2012.11.28"]
[Round "8.2"]
[White "Bogosavljevic,B"]
[Black "Georgiev,Ki"]
[Result "1/2-1/2"]
[WhiteElo "2524"]
[BlackElo "2660"]

1.Nf3 Nf6 2.c4 b6 3.g3 Bb7 4.Bg2 g6 5.O-O c5 6.d4 cxd4 7.Qxd4 Bg7 8.Nc3 d6
9.Rd1 Nbd7 10.Be3 Rc8 11.Rac1 O-O 12.Qh4 Re8 13.b3 a6 14.Bh3 Rc7 15.Nd5 Nxd5
16.cxd5 Nf6 17.Rxc7 Qxc7 18.Rc1 Qd8 19.Bh6 Nxd5 20.Bxg7 Kxg7 21.Be6 Nf6 22.Ng5 Rf8
23.Bxf7 Qb8 24.Bc4 Bc8 25.Ne6+ Bxe6 26.Bxe6 Qb7 27.f3 b5 28.Qd4 Ra8 29.g4 h6
30.h4 Qa7 31.Qxa7 Rxa7 32.Rc6 a5 33.Kf2 g5 34.hxg5 hxg5 35.Rb6 Ne8 36.Rb8 Kf6
37.Rxe8 Kxe6 38.Rg8 Kf6 39.Rb8 b4 40.Ke3 e6 41.Rf8+ Ke5 42.Rg8 Kf6 43.Rh8 Kg6
44.Rc8 Kf6 45.Kd4 Ra6 46.Rf8+ Ke7 47.Rg8 Kf6 48.Rc8 Ra7 49.Rc6 Ke7 50.e4 Kd7
51.Rc4 Ra8 52.e5 Rh8 53.Rc2 Rh3 54.Ke3 dxe5 55.Rc5 Kd6 56.Rxa5 Rh2 57.Ra6+ Ke7
58.Ra7+ Kf6 59.Ra4 Rc2 60.Ke4 Rd2 61.Ke3 Rc2 62.Rxb4 Rxa2 63.Rc4 Ra3 64.Rc3 Ra1
65.Kd3 Rf1 66.Kc4 e4 67.fxe4 Ke5 68.b4 Kxe4 69.Kc5 e5 70.b5 Rf8 71.Rc4+ Kd3
72.Rb4 e4 73.Rb3+ Kd2 74.Kd4 Rf4 75.Rb2+ Kc1 76.Rg2 e3+ 77.Kxe3 Rb4 78.Rd2 Rxg4
79.Rd5 Kc2 80.Rd4 Rg3+ 81.Ke4 Rb3 82.Rc4+ Kd2 83.Rc5 g4 84.Kf4 g3 85.Rg5 Ke2
86.Rxg3 Rxb5 87.Rg5 Rxg5 88.Kxg5  1/2-1/2

[Event "CCSCSL IM Inv"]
[Site "Saint Louis USA"]
[Date "2012.11.30"]
[Round "8.2"]
[White "Bregadze,L"]
[Black "Kavutskiy,K"]
[Result "1/2-1/2"]
[WhiteElo "2361"]
[BlackElo "2301"]

1.Nf3 Nf6 2.c4 b6 3.g3 c5 4.Bg2 Bb7 5.O-O g6 6.b3 Bg7 7.Bb2 O-O 8.d4 cxd4
9.Qxd4 d6 10.Nc3 Ne4 11.Qe3 Nxc3 12.Bxc3 Nd7 13.Bxg7 Kxg7 14.Rfd1 Nf6 15.Rd4 Qc7
16.Rad1 Rfe8 17.h3 Rad8 18.Rh4 h5 19.Nd4 Bxg2 20.Nf5+ gxf5 21.Qg5+ Kf8  1/2-1/2

[Event "XXIV Carlos Torre Magistral 2012"]
[Site "Merida MEX"]
[Date "2012.12.15"]
[Round "2.3"]
[White "Nogueiras Santiago,J"]
[Black "Otero Acosta,D"]
[Result "1/2-1/2"]
[WhiteElo "2513"]
[BlackElo "2445"]

1.c4 c5 2.Nf3 b6 3.g3 Bb7 4.Bg2 Nf6 5.O-O g6 6.b3 Bg7 7.Bb2 O-O 8.e3 d6 9.d4 e6
10.Qe2 Nbd7 11.Rd1 Qc7 12.Nc3 a6 13.Rd2 Rad8 14.Rad1 Rfe8 15.Ng5 Bxg2 16.Kxg2 cxd4
17.Rxd4 h6 18.Nf3 Nc5 19.h3 Qc6 20.R4d2 Nfe4 21.Nxe4 Nxe4 22.Rd3 Nc5 23.Bxg7 Nxd3
24.Bf6 Ne5 25.Bxd8 Rxd8 26.e4  1/2-1/2

[Event "Amplico ch-EUR Rapid"]
[Site "Warsaw POL"]
[Date "2012.12.16"]
[Round "9.45"]
[White "Kovalev,De"]
[Black "Szwed,J"]
[Result "0-1"]
[WhiteElo "2512"]
[BlackElo "2251"]

1.Nf3 c5 2.g3 b6 3.Bg2 Bb7 4.O-O Nf6 5.c4 g6 6.Nc3 Bg7 7.d4 cxd4 8.Qxd4 d6
9.b3 O-O 10.Bb2 Ne4 11.Qe3 Nxc3 12.Bxc3 Bxc3 13.Qxc3 Nd7 14.Rfd1 Qc7 15.Qe3 Nf6
16.Rd4 Kg7 17.Rad1 Rfe8 18.g4 Qc5 19.g5 Nd7 20.Ne1 Bxg2 21.Nxg2 Nf8 22.Qg3 Qe5
23.Qxe5+ dxe5 24.Rd5 f6 25.Ne3 Kf7 26.h4 Ne6 27.Rd7 Nc5 28.Rc7 Ne6 29.Rcd7 Nc5
30.R7d5 Ne6 31.gxf6 exf6 32.Rd7+ Re7 33.R7d6 Nf4 34.Nd5 Nxd5 35.R1xd5 Re6
36.Rd7+ Re7 37.R7d6 Re6 38.Rd7+ Re7 39.a4 Re8 40.Rxe7+  0-1

[Event "Paul Keres Mem IM 2013"]
[Site "Tallin EST"]
[Date "2013.01.19"]
[Round "9.1"]
[White "Shvyrjov,I"]
[Black "Anjuhin,A"]
[Result "1-0"]
[WhiteElo "2470"]
[BlackElo "2308"]

1.Nf3 Nf6 2.c4 c5 3.g3 b6 4.Bg2 Bb7 5.O-O g6 6.Nc3 Bg7 7.d4 cxd4 8.Nxd4 Bxg2
9.Kxg2 Nc6 10.b3 Ne4 11.Nxe4 Bxd4 12.Rb1 O-O 13.Bh6 Bg7 14.Qd2 Qc7 15.Rbd1 Qe5
16.Bxg7 Kxg7 17.Nc3 Rad8 18.f4 Qc5 19.Rf3 d6 20.Nd5 b5 21.cxb5 Qxb5 22.a4 Qb7
23.b4 e6 24.Qc3+ f6 25.b5 Ne7 26.Nxe7 Qxe7 27.Qc6 d5 28.Rc3 d4 29.Rc4 e5
30.Qe4 Qd7 31.fxe5 fxe5 32.Rc6 Rc8 33.Rdc1  1-0

[Event "11th Gibraltar Masters"]
[Site "Caleta ENG"]
[Date "2013.01.24"]
[Round "3.17"]
[White "Kulaots,K"]
[Black "Poetsch,H"]
[Result "1-0"]
[WhiteElo "2587"]
[BlackElo "2437"]

1.Nf3 Nf6 2.c4 b6 3.g3 Bb7 4.Bg2 g6 5.O-O c5 6.Nc3 Bg7 7.d4 cxd4 8.Qxd4 O-O
9.Qh4 d6 10.Rd1 Nbd7 11.Bh6 Rc8 12.Nd5 b5 13.Nd4 Rxc4 14.Nxe7+ Qxe7 15.Bxb7 Nc5
16.Bf3 Ne6 17.Be3 h6 18.b3 Nxd4 19.Bxd4 g5 20.Qh3 g4 21.Bxg4 Rxd4 22.Rxd4 Ne4
23.Rad1 Nc3 24.Rxd6 Nxd1 25.Rxd1 Qa3 26.Qh5 a6 27.Rd7 Qxa2 28.Qd5 Qa1+ 29.Kg2 b4
30.Bh5 Qf6 31.h4 a5 32.Qxa5 Qc6+ 33.Qd5 Qxd5+ 34.Rxd5 Bc3 35.Rd7 Kg7 36.Bf3 Kg6
37.Be4+ f5 38.Bd3 Kf6 39.Rd6+ Kg7 40.e3  1-0

[Event "11th Gibraltar Masters"]
[Site "Caleta ENG"]
[Date "2013.01.30"]
[Round "9.9"]
[White "Iturrizaga,E"]
[Black "Zhao Xue"]
[Result "0-1"]
[WhiteElo "2650"]
[BlackElo "2554"]

1.Nf3 Nf6 2.c4 b6 3.g3 c5 4.Bg2 Bb7 5.O-O g6 6.Nc3 Bg7 7.d4 cxd4 8.Qxd4 d6
9.Be3 Nbd7 10.Rac1 Rc8 11.Rfd1 a6 12.b3 O-O 13.Qd2 Ng4 14.Bf4 Nc5 15.Be3 Nxe3
16.Qxe3 Re8 17.Bh3 e6 18.b4 Nd7 19.Ne4 Bxe4 20.Qxe4 Qc7 21.Qd3 Ne5 22.Nxe5 Bxe5
23.e3 Red8 24.a3 Bf6 25.Qb1 Qa7 26.Bg2 Kg7 27.Qb3 Rc7 28.a4 a5 29.b5 Rc5
30.Bc6 Qe7 31.Rc2 Qf8 32.Rcd2 Kg8 33.f4 d5 34.cxd5 Rc3 35.Qa2 Rxe3 36.d6 Bc3
37.Rd3 Rxd3 38.Rxd3 Bb4 39.d7 Qc5+ 40.Kg2 Qc1 41.Qb3 Kg7 42.Bb7 Kf8 43.Rd1 Qa3
44.Qc2 Ke7 45.Rd3 Qa1 46.Bc6 h5 47.Rd1 Qc3 48.Qe2 Qf6 49.Rd5 h4 50.Re5 Bd6
51.Qe3 hxg3 52.hxg3 Rh8 53.Re4 Bc5 54.Qe2 Qg7 55.Qg4 Qa1 56.Qg5+ f6 57.Rxe6+ Kxe6
58.Qd5+ Ke7 59.Qe4+ Kd6  0-1

[Event "73rd Noteboom Mem"]
[Site "Leiden NED"]
[Date "2013.02.10"]
[Round "5.3"]
[White "Wantola,I"]
[Black "Hoeksema,E"]
[Result "1-0"]
[WhiteElo "2352"]
[BlackElo "2352"]

1.Nf3 Nf6 2.c4 b6 3.g3 c5 4.Bg2 Bb7 5.O-O g6 6.Nc3 Bg7 7.Re1 Ne4 8.Qc2 Nxc3
9.bxc3 Nc6 10.e4 O-O 11.d3 d6 12.Be3 Qd7 13.Nh4 e6 14.f4 f5 15.exf5 exf5
16.Bd2 Rae8 17.Bd5+ Kh8 18.Qa4 Qc8 19.Rxe8 Rxe8 20.Re1 Rxe1+ 21.Bxe1 Bf6
22.Nf3 h6 23.Kf2 Kg7 24.Bd2 a6 25.h3 Ne7 26.Bxb7 Qxb7 27.Qe8 Qc8 28.Qxc8 Nxc8
29.a4 Ne7 30.Ke2 Nc6 31.Kd1 Kf7 32.Ne1 Na7 33.Nc2 b5 34.cxb5 axb5 35.a5 Bd8
36.a6 Ke6 37.Na3 d5 38.c4 bxc4 39.dxc4 dxc4 40.Nxc4 Bc7 41.Ne5 g5 42.Nd3 Kd5
43.fxg5 hxg5 44.Bxg5 Bxg3 45.Bf4 Bxf4 46.Nxf4+ Ke4 47.Ne6 c4 48.h4 Ke5 49.Ng5 Kf4
50.Kd2 Kg4 51.Nf3 Nb5 52.Nd4 Na7 53.Kc3 f4 54.Kxc4 Kxh4 55.Kc5 Kg3 56.Kb6 Nc8+
57.Kb7 Nd6+ 58.Kc6 Nc8 59.Kc7 Na7 60.Kb7 Nb5  1-0

[Event "77th ch-BUL SF 2013"]
[Site "Plovdiv BUL"]
[Date "2013.02.13"]
[Round "3.13"]
[White "Ninov,D"]
[Black "Ljangov,P"]
[Result "1-0"]
[WhiteElo "2137"]
[BlackElo "2072"]

1.Nf3 Nf6 2.g3 b6 3.Bg2 Bb7 4.O-O g6 5.c4 c5 6.Nc3 Bg7 7.Re1 Ne4 8.Nxe4 Bxe4
9.d3 Bb7 10.e4 d6 11.d4 cxd4 12.Nxd4 O-O 13.Bg5 h6 14.Be3 Nd7 15.Rc1 Nc5
16.Qc2 Qc8 17.b4 Nd7 18.Qd2 Kh7 19.f4 Nf6 20.Qd3 Rd8 21.h3 Nd7 22.Nb3 Qc7
23.Kh2 Rac8 24.Qd2 Qb8 25.a4 Ba6 26.Bf1 Bb7 27.Bd3 Bc6 28.a5 Ba4 29.Nd4 e5
30.Ne2 exf4 31.gxf4 Bc6 32.axb6 axb6 33.Nc3 Re8 34.Nd5 b5 35.cxb5 Bxb5 36.Bxb5 Qxb5
37.Nc7 Rxc7 38.Rxc7 Rxe4 39.Qxd6 Nf6 40.Rxf7 Ne8 41.Qd2 Qc4 42.Ra7 Qxb4 43.Qxb4 Rxb4
44.Bc5 Rb2+ 45.Kh1 Rb8 46.Bd4 Kg8 47.Rxe8+ Rxe8 48.Rxg7+  1-0

[Event "TCh-HUN 2012-13"]
[Site "Nagykanizsa HUN"]
[Date "2013.02.17"]
[Round "7"]
[White "Varga,Me"]
[Black "Medvegy,Z"]
[Result "0-1"]
[WhiteElo "2201"]
[BlackElo "2561"]

1.Nf3 Nf6 2.c4 b6 3.g3 Bb7 4.Bg2 c5 5.O-O g6 6.Nc3 Bg7 7.d4 cxd4 8.Qxd4 Nc6
9.Qd3 Rc8 10.e4 Na5 11.Nd2 Ng4 12.b3 b5 13.Rb1 bxc4 14.bxc4 O-O 15.f4 Ba6
16.Rb4 Qc7 17.Kh1 Qc5 18.Nd5 e6  0-1

[Event "24th Metropolitan GM"]
[Site "Los Angeles USA"]
[Date "2013.02.21"]
[Round "2"]
[White "Bryant,J"]
[Black "Amanov,Z"]
[Result "1-0"]
[WhiteElo "2454"]
[BlackElo "2399"]

1.Nf3 Nf6 2.c4 b6 3.g3 c5 4.Bg2 Bb7 5.O-O g6 6.b3 Bg7 7.Bb2 O-O 8.e3 d6 9.Re1 Nbd7
10.d4 e6 11.Nc3 a6 12.Qd2 Qc7 13.Rad1 Rad8 14.d5 exd5 15.cxd5 b5 16.e4 Qa5
17.Qc1 Rfe8 18.Qa1 Rc8 19.Nd2 Ne5 20.Bf1 g5 21.a4 b4 22.Ncb1 Qd8 23.h3 h5
24.Re3 g4 25.h4 Rc7 26.Rde1 Bc8 27.Nc4 Nf3+ 28.Rxf3 gxf3 29.Nbd2 Bg4 30.Re3 Rf8
31.Nxf3 Ne8 32.Ng5 Bxb2 33.Qxb2 Ng7 34.Nh3 f5 35.e5 dxe5 36.d6 Rcf7 37.Ng5 Rf6
38.Nxe5 f4 39.Bc4+ Kh8 40.gxf4 Qxd6 41.Nef7+ R8xf7 42.Nxf7+ Rxf7 43.Bxf7 Qxf4  1-0